Представление документа в формате MARC21

Поле Инд. ПП Название Значение
Тип записи a
Библиографический уровень m
001 _ Контрольный номер RU\infra-m\znanium\bibl\1082915
005 _ Дата корректировки 20250915104117.3
008 Кодируемые данные 210719s2020 RU g rus u
020 a ISBN 978-5-369-01690-9
020 a ISBN 978-5-16-105756-8
020 a ISBN 978-5-16-012992-1
040 a Служба первич. каталог. Общество с ограниченной ответственностью «ЗНАНИУМ»
041 a Код языка текста rus
044 a Код страны публикации RU
080 a Индекс УДК 94(47)(075.8)
084 2 Источник индекса rubbk
a Индекс другой классификации/Индекс ББК 63.3(2)я73
084 2 Источник индекса okso
a Индекс другой классификации/Индекс ББК 00.05.04
084 2 Источник индекса okso
a Индекс другой классификации/Индекс ББК 00.03.04
100 1_ a Автор Шестаков Ю.А.
245 a Заглавие История
b Продолж. заглавия Учебное пособие
250 a Основные сведения об издании 1
260 a Место издания Москва
b Издательство Издательский Центр РИОР
c Дата издания 2020
300 a Объем 248 с.
520 a Аннотация Учебное пособие написано в соответствии с ФГОС ВО для всех направлений подготовки студентов бакалавриата. В тексте приведены основополагающие понятия, категории и теоретические положения курса «История». Материал изложен лаконично и сжато, последовательно и емко освещает все вопросы, предусмотренные данной дисциплиной. В пособие включен практикум, в котором изложен материал, обеспечивающий подготовку студентов к практическим занятиям по курсу истории.
521 a Примеч. о целев. назн. ВО - Бакалавриат
650 a Основная рубрика История. Исторические науки
x Основная подрубрика Общие работы по всемирной истории
852 x Примечание, не предназначенное для пользователя znanium2022
856 4_ a Имя сервера/домена znanium.com
m Помощь ebs_support@infra-m.ru
n Местонахождение сервера НИЦ ИНФРА-М
u URL http://znanium.com/catalog/document?id=360738
z Примечание для пользователя Участвует в КО
856 41 a Имя сервера/домена znanium.com
d Путь /cover/1082
f Электронное имя 1082915.jpg
q Тип электронного формата image/jpeg
u URL https://znanium.com/cover/1082/1082915.jpg